Physics / (Record no. 8679)

MARC details
000 -LEADER
fixed length control field 01210cam a2200325 a 4500
001 - CONTROL NUMBER
control field 1071596
003 - CONTROL NUMBER IDENTIFIER
control field OSt
005 - DATE AND TIME OF LATEST TRANSACTION
control field 20240621094840.0
008 - FIXED-LENGTH DATA ELEMENTS--GENERAL INFORMATION
fixed length control field 911002s1992 nyua 001 0 eng
010 ## - LIBRARY OF CONGRESS CONTROL NUMBER
LC control number 91035885
020 ## - INTERNATIONAL STANDARD BOOK NUMBER
International Standard Book Number 0471804584 (lib. bdg. : v. 1)
020 ## - INTERNATIONAL STANDARD BOOK NUMBER
International Standard Book Number 0471804576 (v. 2)
040 ## - CATALOGING SOURCE
Original cataloging agency DLC
Transcribing agency MUST
Modifying agency DLC
082 00 - DEWEY DECIMAL CLASSIFICATION NUMBER
Classification number 530 HAL 1992
100 1# - MAIN ENTRY--PERSONAL NAME
Personal name Resnick, Robert,
Dates associated with a name 1923-
9 (RLIN) 7976
245 10 - TITLE STATEMENT
Title Physics /
Statement of responsibility, etc. Robert Resnick, David Halliday, Kenneth S. Krane.
250 ## - EDITION STATEMENT
Edition statement 4th ed.
260 ## - PUBLICATION, DISTRIBUTION, ETC. (IMPRINT)
Place of publication, distribution, etc. New York :
Name of publisher, distributor, etc. Wiley,
Date of publication, distribution, etc. 1992.
300 ## - PHYSICAL DESCRIPTION
Extent 2 v. (1020, [34] p.) :
Other physical details ill. ;
Dimensions 29 cm.
500 ## - GENERAL NOTE
General note Vol. 2 by David Halliday, Robert Resnick, Kenneth S. Krane.
500 ## - GENERAL NOTE
General note Includes indexes.
650 #0 - SUBJECT ADDED ENTRY--TOPICAL TERM
Topical term or geographic name as entry element Physics.
9 (RLIN) 809
700 1# - ADDED ENTRY--PERSONAL NAME
Personal name Halliday, David,
Dates associated with a name 1916-
9 (RLIN) 8316
700 1# - ADDED ENTRY--PERSONAL NAME
Personal name Krane, Kenneth S.
9 (RLIN) 7381
856 4# - ELECTRONIC LOCATION AND ACCESS
Materials specified Table of Contents only
Uniform Resource Identifier http://www.loc.gov/catdir/toc/onix05/91035885.html
856 42 - ELECTRONIC LOCATION AND ACCESS
Materials specified Publisher description
Uniform Resource Identifier http://www.loc.gov/catdir/enhancements/fy0607/91035885-d.html
906 ## - LOCAL DATA ELEMENT F, LDF (RLIN)
a 7
b cbc
c orignew
d 1
e ocip
f 19
g y-gencatlg
942 ## - ADDED ENTRY ELEMENTS (KOHA)
Source of classification or shelving scheme Dewey Decimal Classification
Koha item type Open Shelf
Holdings
Withdrawn status Lost status Source of classification or shelving scheme Damaged status Not for loan Home library Current library Date acquired Source of acquisition Inventory number Total Checkouts Full call number Barcode Date last seen Price effective from Koha item type
    Dewey Decimal Classification     MUST Main Library MUST Main Library 21/06/2024 Purchase 2003/19108   530 HAL 1992 2024-20965 21/06/2024 21/06/2024 Open Shelf